Elementary Mathematical Physics/ (Record no. 194517)

MARC details
000 -LEADER
fixed length control field 00806nam a22002057a 4500
005 - DATE AND TIME OF LATEST TRANSACTION
control field 20230504112327.0
010 ## - LCCN (DPL NO)
LC control number B-748088-092 E.N.A./7.11.22
020 ## - INTERNATIONAL STANDARD BOOK NUMBER
International Standard Book Number 9789388438391
Terms of availability 585.00
035 ## - SYSTEM CONTROL NUMBER
System control number B-748088-092
037 ## - SOURCE OF ACQUISITION
Source of stock number/acquisition Pragati Prakashan
082 ## - DEWEY DECIMAL CLASSIFICATION NUMBER
Classification number 510
100 ## - MAIN ENTRY--PERSONAL NAME
Personal name Rajput, Balwant Singh
245 ## - TITLE STATEMENT
Title Elementary Mathematical Physics/
Statement of responsibility, etc Balwant Singh Rajput and Manu Pratap Singh
260 ## - PUBLICATION, DISTRIBUTION, ETC. (IMPRINT)
Place of publication, distribution, etc Meerut
Name of publisher, distributor, etc Pragati Prakashan
Date of publication, distribution, etc 2022
270 ## - ADDRESS
Address Pragati Bhawan 240, W.K. Road
City Meerut
Postal code 250001
300 ## - PHYSICAL DESCRIPTION
Extent 816p.
Dimensions 24cm(pbk)
700 ## - ADDED ENTRY--PERSONAL NAME
Personal name Manu Pratap Singh
942 ## - ADDED ENTRY ELEMENTS (KOHA)
Source of classification or shelving scheme Dewey Decimal Classification
Item type English Books
Call number suffix RAJ
Classification part 510
Holdings
Withdrawn status Lost status Not for loan Collection code Home library Current library Date acquired Source of acquisition Cost, normal purchase price Full call number Barcode Copy number Cost, replacement price Koha item type
      Non-fiction Ashok Vihar Ashok Vihar 04/05/2023 Pragati Prakashan/2316/25.11.22/194/23.11.22/26.12.22 585.00 510 RAJ B-748089 1 585.00 English Books
      Non-fiction Central Library Central Library 04/05/2023 Pragati Prakashan/2316/25.11.22/194/23.11.22/26.12.22 585.00 510 RAJ B-748088 1 585.00 English Books
      Non-fiction Patel Nagar Patel Nagar 04/05/2023 Pragati Prakashan/2316/25.11.22/194/23.11.22/26.12.22 585.00 510 RAJ B-748090 1 585.00 English Books
      Non-fiction Sarojini Nagar Sarojini Nagar 04/05/2023 Pragati Prakashan/2316/25.11.22/194/23.11.22/26.12.22 585.00 510 RAJ B-748091 1 585.00 English Books
      Non-fiction Shahdara Branch Shahdara Branch 04/05/2023 Pragati Prakashan/2316/25.11.22/194/23.11.22/26.12.22 585.00 510 RAJ B-748092 1 585.00 English Books

© Delhi Public Library
Hit Counter
free hit counter